| 000 | 00645nam a2200181Ia 4500 | ||
|---|---|---|---|
| 008 | 151202s9999||||xx |||||||||||||| ||und|| | ||
| 082 | _bPNVM-82566 | ||
| 100 | _aसासणे भारत. | ||
| 245 | _aत्वचा पाच दीर्घकथा. | ||
| 260 | _b"मॅजेस्टिक पब्लिशिंग हाऊस, ठाणे." | ||
| 260 | _c2013 | ||
| 300 | _a170 | ||
| 600 | _aसासणे भारत. | ||
| 630 | _aत्वचा पाच दीर्घकथा. | ||
| 700 | _aसासणे भारत. | ||
| 730 | _aत्वचा पाच दीर्घकथा. | ||
| 942 | _cBOOK | ||
| 999 |
_c1347174 _d1347171 |
||